Beispielaufgaben der Wirtschaftsfachprüfung für den Auswärtigen Dienst - Statistiken

Allgemein
  • Dieses Quiz wurde 33 mal gespielt
  • Das Durchschnittsergebnis liegt bei 8 aus 25
Antwortstatistiken
Frage Antwort % Korrekt
Wer genehmigt die Fusion von Unternehmen in Deutschland, wenn die Auswirkungen national begrenzt sind? Bundeskartellamt
89%
Was beschreibt das Bruttoinlandsprodukt? Den Wert der inländischen Produktion aller Güter und Dienstleistungen
79%
Was ist ein Oligopol? Eine Marktform mit wenigen Unternehmen
63%
Wie hoch ist seit Beginn 2025 der Mindestlohn in Deutschland? 12,82€
53%
Wie hoch war das Bruttoinlandsprodukt im Jahr 2024 in Deutschland in jeweiligen Preisen? ca. 4300 Milliarden Euro
53%
Die Gründung der Währungsunion wurde beschlossen mit... dem Vertrag von Maastricht
47%
Welche Aufgabe übernimmt die Bank für Internationalen Zahlungsausgleich? Sie verwaltet die Währungsreserven der Zentralbanken ihrer Mitglieder.
47%
Das Zuwendungsrecht kennt verschiedene Finanzierungsarten. Welche sollte nur in Ausnahmefällen gewählt werden? Vollfinanzierung
47%
Auf welcher Ebene wird die Höhe der Gewerbesteuer festgelegt? Gemeinde
42%
Was regelt das Basel III-Abkommen? Es reguliert Banken, z.B. bei der Eigenkapitalquote.
37%
Was ist unter „Dirty Floating“ zu verstehen? Diskretionäre Devisenmarktinterventionen der Zentralbank im Rahmen eines Systems flexibler Wechselkurse.
32%
Wer bestimmt über die Höhe der Einkommenssteuer in Deutschland? Bundestag und Bundesrat
26%
Welche der folgenden Aussagen zur Leistungsbilanz ist ceteris paribus falsch? Eine erfolgreiche Wirtschaftspolitik kann man an einem Leistungsbilanzüberschuss erkennen
26%
Was sind Eurobonds? Gemeinsam ausgegebene Staatsanleihen der Euro-Länder.
26%
Protektionistische Maßnahmen werden üblicherweise unterteilt in... tarifäre und nicht-tarifäre Maßnahmen.
26%
Ein Leistungsbilanzdefizit gibt an, dass ein Land Nettoschuldner gegenüber dem Ausland ist.
21%
Was gibt der Geldschöpfungsmultiplikator an? Die Veränderung der Geldmenge als Folge der Erhöhung des Zentralbankgeldes.
21%
Das Kürzel „ESVG“ steht für: Europäisches System Volkswirtschaftlicher Gesamtrechnungen.
21%
Ein Anstieg des öffentlichen Schuldenstands bedeutet, dass... Keine der Antworten ist korrekt.
21%
Das „Bretton-Woods-System“... war ein System fester Wechselkurse mit asymmetrischen Devisenmarktinterventionen.
21%
Ein zentrales Prinzip der WTO ist... die unbedingte Meistbegünstigung.
16%
Wer bestimmt die Handelspolitik in Deutschland? Die Europäische Kommission.
11%
Welches Volumen umfasste der Bundeshaushalt 2024? 474,8 Mrd. Euro
5%
Was versteht man unter Seignorage? Den Gewinn der Zentralbank.
5%
Der Kauf ausländischer Währungseinheiten am Devisenmarkt durch die inländische Zentralbank bewirkt ceteris paribus... eine Erhöhung der umlaufenden inländischen Geldmenge.
5%
Keine übereinstimmenden Quizze gefunden
Verteilung der Resultate
Anzahl Personen mit jedem Resultat
Perzentil nach korrekt beantworteten Fragen
Ihre Resultats-Entwicklung
Sie haben dieses Quiz noch nicht gespielt